| 000 | 00535nam a2200181 i 4500 | ||
|---|---|---|---|
| 001 | 133981 | ||
| 003 | ES-MaACL | ||
| 005 | 20230906194555.0 | ||
| 007 | t| | ||
| 008 | 070904s1960 sp ||||1| spa d | ||
| 100 | 1 |
_aWest, Morris L. _9116550 |
|
| 245 | 1 | 3 |
_aEl caso Orgagna / _cMorris West ; [traducción de Jorge Onfray y Wilfredo Reyes]. |
| 260 |
_aBarcelona : _bPomaire, _c1960. |
||
| 300 |
_a246 p. ; _c17 cm. |
||
| 700 | 1 |
_aOnfray, Jorge. _987075 |
|
| 700 | 1 |
_aReyes, Wilfredo. _996577 |
|
| 852 |
_aES-MaACL _jC-40519 _bR.71739 |
||
| 999 |
_c133981 _d133981 |
||